| 000 | 01150nam a22003017a 4500 | ||
|---|---|---|---|
| 001 | 3424 | ||
| 003 | FISKH | ||
| 005 | 20250605101224.0 | ||
| 008 | 240304b cb ||||| |||| 00| 0 eng d | ||
| 020 | _a708431306745 | ||
| 040 |
_aFISKH _beng _cFISKH _dFISKH |
||
| 050 | _aPZ7.S6982 | ||
| 082 | _a372.4 | ||
| 100 |
_aSonneborn, Scott _eauthor |
||
| 245 |
_aThe tour de bikini bottom / _cwritten by Scott Sonneborn ; illustrated by Warner McGee |
||
| 260 |
_aCalifornia : _bLeapFrog Enterprise , _c2007 |
||
| 300 |
_a25 pages : _bcolor illustrations ; _c24 cm . |
||
| 490 | _a(Spongebob Squarepants Ready-to-Read) | ||
| 505 | _aJ | ||
| 520 | _aWhen Squidward sets off to compete in the Bikini Bottom Bike Race, SpongeBob and Patrick vow to help him win. But instead of helping him, their efforts force him into last place. Will Squidward ever shake SpongeBob and Patrick long enough to catch up? | ||
| 521 | 8 |
_a500
_bLexile estimate |
|
| 521 | 8 |
_aJ
_bRaz-Plus |
|
| 600 |
_2ocean _vNon-Fiction |
||
| 650 |
_aSpongeBob _vNon- Fiction |
||
| 700 |
_aMcGee, Warner _eillustrator |
||
| 942 |
_2ddc _cBK _n0 |
||
| 999 |
_c3424 _d3424 |
||